000
00440nam a2200145Ia 4500
008
100204s9999 xx 000 0 und d
082
_b
12275
100
_a
रायकर प्रतिभा
245
_a
अपर्णा
260
_b
"बांदोडकर पब्लिशिंग हाऊस, गोवा"
_c
1989
300
_a
208
630
_a
अपर्णा
730
_a
अपर्णा
942
_c
BOOK
999
_c
456708
_d
456705